[Event "Ïåðâåíñòâî Ìîñêâû ïî øàõìàòàì 2015 ñðåäè"]
[Site "Moscow"]
[Date "2015.11.17"]
[Round "6.20"]
[White "Ñìèðíîâ, Àðòåìèé."]
[Black "Êîìÿãèí, Ìèõàèë."]
[Result "1-0"]
[WhiteElo "1529"]
[BlackElo "1862"]
[PlyCount "133"]
[EventDate "2015.11.12"]

1. d4 Nf6 2. c4 g6 3. f3 Bg7 4. e4 d6 5. Nc3 O-O 6. Be3 e5 7. d5 Qe7 8. Qd2 c6
9. O-O-O Rd8 10. Nge2 cxd5 11. cxd5 Nbd7 12. g4 b6 13. Ng3 Nc5 14. h4 Bd7 15.
h5 Rdc8 16. Kb1 b5 17. hxg6 fxg6 18. g5 Ne8 19. Qh2 Bf8 20. Bh3 b4 21. Nce2 a5
22. Nc1 Na4 23. Bxd7 Qxd7 24. Qh3 Qc7 25. Rh2 Rab8 26. Nb3 Bg7 27. Qxh7+ Kf7
28. Qh3 Nc3+ 29. bxc3 bxc3 30. Qe6+ Kf8 31. Rdh1 Qf7 32. Qxf7+ Kxf7 33. Kc2 a4
34. Ne2 axb3+ 35. axb3 Ra8 36. Nxc3 Ra2+ 37. Kd3 Ra3 38. Rb1 Nc7 39. Ra2 Rxa2
40. Nxa2 Nb5 41. Rc1 Ra8 42. Nc3 Nxc3 43. Rxc3 Bf8 44. Rc7+ Be7 45. f4 exf4 46.
Bxf4 Ke8 47. Rc1 Kd7 48. Kc4 Rf8 49. Be3 Rf3 50. Rc3 Rg3 51. Bf4 Rg4 52. Rf3
Bxg5 53. Bxg5 Rxg5 54. Rf7+ Kc8 55. Kb5 Re5 56. Kc6 Kb8 57. Rf4 Re7 58. Kxd6
Rb7 59. Rf3 g5 60. Rg3 Kc8 61. Rxg5 Rxb3 62. e5 Rb6+ 63. Kc5 Rh6 64. Rf5 Kd7
65. Rf7+ Ke8 66. Ra7 Kd8 67. d6 1-0

[Event "Ïåðâåíñòâî Ìîñêâû ïî øàõìàòàì 2015 ñðåäè"]
[Site "Moscow"]
[Date "2015.11.17"]
[Round "6.22"]
[White "Ìàõìóäîâ, Äæîðäæ."]
[Black "Àëåêñååâ, Âàñèëèé."]
[Result "0-1"]
[WhiteElo "1404"]
[BlackElo "1629"]
[PlyCount "136"]
[EventDate "2015.11.12"]

1. Nf3 Nf6 2. g3 g6 3. Bg2 Bg7 4. O-O c5 5. d3 O-O 6. Nbd2 Nc6 7. a4 d6 8. Nc4
e5 9. c3 Be6 10. Nfd2 d5 11. Ne3 Nh5 12. Qb3 Na5 13. Qa2 e4 14. dxe4 dxe4 15.
Qa3 f5 16. Qxc5 b6 17. Qb4 Nc6 18. Qa3 f4 19. Nec4 f3 20. exf3 exf3 21. Bxf3
Rxf3 22. Nxf3 Bxc4 23. Bg5 Qd5 24. Rfe1 Qxf3 25. Re3 Qf5 26. Qd6 Rf8 27. f4 Qc5
28. Qxc5 bxc5 29. Rd1 Bb3 30. Rd6 Bxa4 31. b3 Bb5 32. Rf3 Na5 33. c4 Bd4+ 34.
Kf1 Bxc4+ 35. bxc4 Nxc4 36. Rxd4 cxd4 37. Rd3 Ne3+ 38. Ke2 Nc2 39. Rd2 Rc8 40.
g4 Ng7 41. Bf6 Ne6 42. f5 gxf5 43. gxf5 Ng7 44. Bxd4 Nxd4+ 45. Rxd4 Nxf5 46.
Rg4+ Kf7 47. Rf4 Kg6 48. Kf3 Rc3+ 49. Kg2 Ra3 50. Rg4+ Kh5 51. Rg8 a5 52. Ra8
a4 53. Ra5 Kg6 54. Kf2 Ra2+ 55. Ke1 Nd4 56. Ra6+ Kg5 57. h4+ Kxh4 58. Rh6+ Kg5
59. Rxh7 a3 60. Ra7 Kf4 61. Rf7+ Ke3 62. Re7+ Kd3 63. Ra7 Ra1+ 64. Kf2 a2 65.
Ra3+ Kc2 66. Ra8 Kb2 67. Rb8+ Nb3 68. Ra8 Rc1 0-1

[Event "Ïåðâåíñòâî Ìîñêâû ïî øàõìàòàì 2015 ñðåäè ìàëü÷èêîâ (Ì17)"]
[Site "Moscow"]
[Date "2015.11.18"]
[Round "7.1"]
[White "Ãàëàêòèîíîâ, Àðòåì"]
[Black "Íàâðîäñêèé, Áîðèñ"]
[Result "1-0"]
[WhiteElo "2206"]
[BlackElo "2173"]
[PlyCount "0"]
[EventDate "2015.11.12"]

1. d4 d5 {[%clk 1:25:33]} 2. Nf3 {[%clk 1:31:24]} Nf6 {[%clk 1:25:57]} 3. c4
{[%clk 1:31:51]} e6 {[%clk 1:26:17]} 4. Nc3 {[%clk 1:32:17]} Be7 {[%clk 1:26:24]}
5. g3 {[%clk 1:32:41]} O-O {[%clk 1:24:45]} 6. Bg2 {[%clk 1:33:07]} b6
{[%clk 1:07:52]} 7. O-O {[%clk 1:31:43]} Bb7 {[%clk 1:08:10]} 8. Ne5
{[%clk 1:27:25]} Nbd7 {[%clk 1:06:14]} 9. Qa4 {[%clk 1:23:00]} c6
{[%clk 0:53:19]} 10. Rd1 {[%clk 1:13:52]} Qc7 {[%clk 0:41:53]} 11. Bf4
{[%clk 1:12:26]} Bd6 {[%clk 0:40:02]} 12. cxd5 {[%clk 1:07:08]} exd5
{[%clk 0:37:38]} 13. Nd3 {[%clk 0:49:05]} Bxf4 {[%clk 0:35:58]} 14. Nxf4
{[%clk 0:49:23]} Qd6 {[%clk 0:35:40]} 15. f3 {[%clk 0:44:52]} c5 {[%clk 0:29:06]}
16. dxc5 {[%clk 0:43:40]} Nxc5 {[%clk 0:28:33]} 17. Qc2 {[%clk 0:34:29]} Ne6
{[%clk 0:27:32]} 18. Nb5 {[%clk 0:25:21]} Qe5 {[%clk 0:24:42]} 19. Nxe6
{[%clk 0:24:43]} fxe6 {[%clk 0:25:05]} 20. Qd2 {[%clk 0:24:47]} a6
{[%clk 0:18:31]} 21. Nd4 {[%clk 0:24:46]} Qd6 {[%clk 0:17:54]} 22. Bh3
{[%clk 0:24:47]} Bc8 {[%clk 0:15:02]} 23. Rac1 {[%clk 0:24:04]} Bd7
{[%clk 0:15:29]} 24. Bxe6+ {[%clk 0:24:19]} Bxe6 {[%clk 0:15:33]} 25. Rc6
{[%clk 0:24:46]} Qxc6 {[%clk 0:14:18]} 26. Nxc6 {[%clk 0:25:04]} Rfe8
{[%clk 0:14:10]} 27. Nd4 {[%clk 0:24:33]} Bd7 {[%clk 0:14:22]} 28. Rc1
{[%clk 0:24:58]} Rac8 {[%clk 0:14:42]} 29. Rxc8 {[%clk 0:25:15]} Rxc8
{[%clk 0:15:09]} 30. Kf2 {[%clk 0:25:07]} Rc4 {[%clk 0:15:02]} 31. b3
{[%clk 0:25:28]} Rc8 {[%clk 0:14:56]} 32. Qb4 {[%clk 0:25:52]} b5
{[%clk 0:14:41]} 33. Qe7 {[%clk 0:24:38]} Re8 {[%clk 0:14:45]} 34. Qd6
{[%clk 0:24:58]} a5 {[%clk 0:14:01]} 35. Qb6 {[%clk 0:25:24]} a4 {[%clk 0:14:20]}
36. Nxb5 {[%clk 0:25:45]} axb3 {[%clk 0:14:48]} 37. axb3 {[%clk 0:26:09]} Bxb5
{[%clk 0:15:03]} 38. Qxb5 {[%clk 0:26:35]} Kf7 {[%clk 0:15:28]} 39. b4
{[%clk 0:26:52]} Re7 {[%clk 0:15:18]} 40. Qc6 {[%clk 0:26:53]} Re6
{[%clk 0:14:56]} 41. Qc5 {[%clk 0:27:07]} Ke8 {[%clk 0:13:41]} 42. b5
{[%clk 0:26:51]} Nd7 {[%clk 0:12:58]} 43. Qxd5 {[%clk 0:27:16]} Ke7
{[%clk 0:13:23]} 44. Qg5+ {[%clk 0:27:29]} Kf7 {[%clk 0:13:41]} 45. Qh5+
{[%clk 0:27:54]} Rg6 {[%clk 0:13:22]} 46. Qxh7 {[%clk 0:28:09]} 1-0

[Event "Ïåðâåíñòâî Ìîñêâû ïî øàõìàòàì 2015 ñðåäè ìàëü÷èêîâ (Ì17)"]
[Site "Moscow"]
[Date "2015.11.18"]
[Round "7.2"]
[White "Øîøèí, Áîðèñ"]
[Black "Ñìèðíîâ, Òèìîôåé"]
[Result "0-1"]
[WhiteElo "1981"]
[BlackElo "2298"]
[PlyCount "0"]
[EventDate "2015.11.12"]

1. e4 {[%clk 1:30:20]} e5 {[%clk 1:30:43]} 2. Nf3 {[%clk 1:30:46]} Nc6
{[%clk 1:31:08]} 3. Bb5 {[%clk 1:31:13]} a6 {[%clk 1:31:31]} 4. Ba4
{[%clk 1:31:36]} Nf6 {[%clk 1:31:54]} 5. O-O {[%clk 1:31:57]} b5 {[%clk 1:32:08]}
6. Bb3 {[%clk 1:32:24]} Be7 {[%clk 1:32:33]} 7. d4 {[%clk 1:32:52]} d6
{[%clk 1:18:22]} 8. c3 {[%clk 1:32:42]} Bg4 {[%clk 1:17:38]} 9. Be3
{[%clk 1:32:31]} O-O {[%clk 1:13:59]} 10. h3 {[%clk 1:32:56]} Bh5
{[%clk 1:08:37]} 11. Nbd2 {[%clk 1:33:11]} exd4 {[%clk 1:03:54]} 12. cxd4
{[%clk 1:32:59]} d5 {[%clk 1:03:50]} 13. e5 {[%clk 1:32:59]} Ne4 {[%clk 1:03:57]}
14. Nxe4 {[%clk 1:33:00]} dxe4 {[%clk 1:04:17]} 15. Qc2 {[%clk 1:33:28]} exf3
{[%clk 0:59:38]} 16. Qxc6 {[%clk 1:33:03]} fxg2 {[%clk 0:59:57]} 17. Qxg2
{[%clk 1:32:38]} Kh8 {[%clk 0:49:35]} 18. f4 {[%clk 1:30:57]} f6 {[%clk 0:48:06]}
19. Bd5 {[%clk 1:26:12]} Rc8 {[%clk 0:45:28]} 20. Bb7 {[%clk 1:22:41]} Rb8
{[%clk 0:45:22]} 21. Bf3 {[%clk 1:22:26]} Bxf3 {[%clk 0:44:41]} 22. Qxf3
{[%clk 1:15:51]} c5 {[%clk 0:38:43]} 23. Rad1 {[%clk 1:01:18]} cxd4
{[%clk 0:38:18]} 24. Rxd4 {[%clk 0:52:03]} Qc8 {[%clk 0:37:29]} 25. Rc1
{[%clk 0:46:02]} Qf5 {[%clk 0:36:35]} 26. Qg4 {[%clk 0:37:24]} fxe5
{[%clk 0:32:25]} 27. Qxf5 {[%clk 0:37:10]} Rxf5 {[%clk 0:32:26]} 28. fxe5
{[%clk 0:36:52]} Rxe5 {[%clk 0:24:28]} 29. Bf4 {[%clk 0:32:33]} Rc5
{[%clk 0:24:00]} 30. Rcd1 {[%clk 0:18:01]} Rf8 {[%clk 0:18:34]} 31. Re4
{[%clk 0:16:51]} Rcf5 {[%clk 0:18:51]} 32. Rxe7 {[%clk 0:16:36]} Rxf4
{[%clk 0:19:20]} 33. Rdd7 {[%clk 0:16:19]} Rf1+ {[%clk 0:19:28]} 34. Kg2
{[%clk 0:16:40]} R1f2+ {[%clk 0:19:53]} 35. Kg3 {[%clk 0:10:59]} Rxb2
{[%clk 0:19:56]} 36. Rf7 {[%clk 0:07:39]} Rg8 {[%clk 0:19:44]} 37. a4
{[%clk 0:08:05]} Rb3+ {[%clk 0:13:50]} 38. Kg2 {[%clk 0:08:25]} bxa4
{[%clk 0:12:49]} 39. Rd6 {[%clk 0:08:51]} Rc8 {[%clk 0:08:32]} 40. Rc7
{[%clk 0:08:52]} Rb2+ {[%clk 0:06:37]} 41. Kg3 {[%clk 0:08:59]} Rb3+
{[%clk 0:06:46]} 42. Kg2 {[%clk 0:09:24]} Re8 {[%clk 0:05:40]} 43. Re7
{[%clk 0:09:42]} Rf8 {[%clk 0:03:33]} 44. Rxa6 {[%clk 0:09:46]} h6
{[%clk 0:03:55]} 45. Rxa4 {[%clk 0:09:49]} Rff3 {[%clk 0:04:22]} 46. Raa7
{[%clk 0:08:06]} Rg3+ {[%clk 0:04:16]} 47. Kf2 {[%clk 0:08:29]} Rgc3
{[%clk 0:01:44]} 48. Rf7 {[%clk 0:00:41]} Rb2+ {[%clk 0:01:29]} 49. Kg1
{[%clk 0:01:10]} Rg3+ {[%clk 0:01:47]} 50. Kf1 {[%clk 0:01:25]} Rxh3
{[%clk 0:02:06]} 51. Kg1 {[%clk 0:00:53]} Rc3 {[%clk 0:01:38]} 52. Ra1
{[%clk 0:00:41]} Kh7 {[%clk 0:01:15]} 53. Rd7 {[%clk 0:00:38]} h5
{[%clk 0:01:15]} 54. Rad1 {[%clk 0:00:37]} Kh6 {[%clk 0:01:13]} 55. R7d5
{[%clk 0:00:37]} h4 {[%clk 0:01:15]} 56. Ra5 {[%clk 0:00:41]} g5 {[%clk 0:00:57]}
57. Ra8 {[%clk 0:00:40]} Kh5 {[%clk 0:01:19]} 58. Kh1 {[%clk 0:00:52]} Kg4
{[%clk 0:00:51]} 59. Rg1+ {[%clk 0:00:49]} Kh3 {[%clk 0:01:03]} 60. Rga1
{[%clk 0:00:34]} Rh2+ {[%clk 0:00:52]} 61. Kg1 {[%clk 0:00:55]} Rg3+
{[%clk 0:01:12]} 62. Kf1 {[%clk 0:01:25]} Rh1+ {[%clk 0:01:34]} 63. Kf2
{[%clk 0:01:51]} Rxa1 {[%clk 0:00:59]} 64. Rxa1 {[%clk 0:02:20]} Rb3
{[%clk 0:00:56]} 65. Kg1 {[%clk 0:02:34]} Kg3 {[%clk 0:01:16]} 66. Kh1
{[%clk 0:02:47]} g4 {[%clk 0:00:38]} 67. Rg1+ {[%clk 0:03:06]} Kh3
{[%clk 0:01:05]} 68. Rc1 {[%clk 0:03:09]} g3 {[%clk 0:01:11]} 69. Kg1
{[%clk 0:03:10]} Rb4 {[%clk 0:01:21]} 70. Ra1 {[%clk 0:03:13]} Kg4
{[%clk 0:01:45]} 71. Kh1 {[%clk 0:03:21]} h3 {[%clk 0:02:01]} 72. Kg1
{[%clk 0:03:38]} h2+ {[%clk 0:02:18]} 73. Kg2 {[%clk 0:03:00]} Rb2+
{[%clk 0:02:46]} 74. Kh1 {[%clk 0:03:24]} Kh3 {[%clk 0:03:06]} 75. Ra2
{[%clk 0:03:44]} Rb1# 0-1

[Event "Ïåðâåíñòâî Ìîñêâû ïî øàõìàòàì 2015 ñðåäè ìàëü÷èêîâ (Ì17)"]
[Site "Moscow"]
[Date "2015.11.18"]
[Round "7.3"]
[White "×èëèíãàðÿí, Ïàâåë"]
[Black "Ãåðìàí, Íèêèòà"]
[Result "1/2-1/2"]
[WhiteElo "2096"]
[BlackElo "2061"]
[PlyCount "0"]
[EventDate "2015.11.12"]

1. d4 {[%clk 1:30:59]} Nf6 {[%clk 1:30:55]} 2. Nc3 {[%clk 1:31:26]} d5
{[%clk 1:31:15]} 3. Bg5 {[%clk 1:31:49]} Nbd7 {[%clk 1:30:30]} 4. Nf3
{[%clk 1:31:38]} h6 {[%clk 1:30:42]} 5. Bh4 {[%clk 1:31:24]} g6 {[%clk 1:30:47]}
6. e3 {[%clk 1:31:29]} Bg7 {[%clk 1:31:08]} 7. Bd3 {[%clk 1:30:26]} O-O
{[%clk 1:31:06]} 8. O-O {[%clk 1:30:41]} b6 {[%clk 1:27:16]} 9. e4
{[%clk 1:29:08]} dxe4 {[%clk 1:27:29]} 10. Nxe4 {[%clk 1:29:21]} Bb7
{[%clk 1:27:53]} 11. Re1 {[%clk 1:27:37]} Nxe4 {[%clk 1:27:14]} 12. Bxe4
{[%clk 1:27:56]} Bxe4 {[%clk 1:27:37]} 13. Rxe4 {[%clk 1:28:17]} g5
{[%clk 1:04:14]} 14. Nxg5 {[%clk 1:21:19]} hxg5 {[%clk 1:03:39]} 15. Bxg5
{[%clk 1:21:38]} Nf6 {[%clk 1:03:31]} 16. Bxf6 {[%clk 1:20:56]} exf6
{[%clk 1:03:23]} 17. Qh5 {[%clk 1:19:25]} f5 {[%clk 1:03:00]} 18. Qxf5
{[%clk 1:17:25]} Qf6 {[%clk 1:03:14]} 19. Qb5 {[%clk 1:15:01]} c6
{[%clk 1:02:32]} 20. Qe2 {[%clk 1:14:54]} Rad8 {[%clk 1:02:39]} 21. Rd1
{[%clk 1:14:14]} Qf5 {[%clk 1:01:41]} 22. Rd3 {[%clk 1:04:15]} Rd6
{[%clk 1:01:05]} 23. Rg3 {[%clk 0:58:40]} Rg6 {[%clk 1:00:20]} 24. Rxg6
{[%clk 0:58:56]} Qxg6 {[%clk 1:00:22]} 25. c3 {[%clk 0:58:54]} Qf5
{[%clk 1:00:28]} 26. g4 {[%clk 0:57:13]} Qd5 {[%clk 1:00:22]} 27. a3
{[%clk 0:55:51]} b5 {[%clk 1:00:14]} 28. h4 {[%clk 0:53:09]} c5 {[%clk 0:54:15]}
29. dxc5 {[%clk 0:51:36]} Qxc5 {[%clk 0:54:31]} 30. Rb4 {[%clk 0:50:31]} a6
{[%clk 0:54:41]} 31. a4 {[%clk 0:49:21]} bxa4 {[%clk 0:49:42]} 32. Rxa4
{[%clk 0:46:05]} a5 {[%clk 0:49:34]} 33. Re4 {[%clk 0:41:16]} Qd5
{[%clk 0:39:51]} 34. g5 {[%clk 0:40:42]} Rd8 {[%clk 0:38:15]} 35. f3
{[%clk 0:26:30]} Qa2 {[%clk 0:30:28]} 36. h5 {[%clk 0:16:48]} Qb1+
{[%clk 0:30:21]} 37. Kf2 {[%clk 0:11:11]} Qc1 {[%clk 0:28:08]} 38. Re8+
{[%clk 0:11:37]} Rxe8 {[%clk 0:28:35]} 39. Qxe8+ {[%clk 0:12:03]} Bf8
{[%clk 0:28:58]} 40. g6 {[%clk 0:08:48]} Qxb2+ {[%clk 0:24:35]} 41. Kg3
{[%clk 0:09:14]} Qb7 {[%clk 0:24:50]} 42. g7 {[%clk 0:08:29]} Kxg7
{[%clk 0:23:25]} 43. h6+ {[%clk 0:08:49]} Kxh6 {[%clk 0:23:46]} 44. Qxf8+
{[%clk 0:09:10]} Kh7 {[%clk 0:24:11]} 45. Qc5 {[%clk 0:07:15]} a4
{[%clk 0:24:06]} 46. Qh5+ {[%clk 0:07:21]} 1/2-1/2

[Event "Ïåðâåíñòâî Ìîñêâû ïî øàõìàòàì 2015 ñðåäè ìàëü÷èêîâ (Ì17)"]
[Site "Moscow"]
[Date "2015.11.18"]
[Round "7.4"]
[White "Ãðèãîðüåâ, Äìèòðèé"]
[Black "Ñàâåëüåâ, Àðòåì"]
[Result "1-0"]
[WhiteElo "2076"]
[BlackElo "1899"]
[PlyCount "0"]
[EventDate "2015.11.12"]

1. e4 {[%clk 1:23:22]} b6 {[%clk 1:26:05]} 2. d4 {[%clk 1:23:03]} Bb7
{[%clk 1:26:29]} 3. Nc3 {[%clk 1:22:06]} e6 {[%clk 1:26:10]} 4. Nf3
{[%clk 1:20:18]} Nf6 {[%clk 1:17:22]} 5. Bd3 {[%clk 1:12:02]} d5 {[%clk 1:12:37]}
6. exd5 {[%clk 1:11:26]} Nxd5 {[%clk 1:12:33]} 7. O-O {[%clk 1:09:27]} Nxc3
{[%clk 1:09:47]} 8. bxc3 {[%clk 1:09:55]} Bd6 {[%clk 1:09:56]} 9. Ng5
{[%clk 0:58:53]} g6 {[%clk 0:59:24]} 10. Re1 {[%clk 0:52:54]} Be7
{[%clk 0:35:55]} 11. Qg4 {[%clk 0:38:26]} Bxg5 {[%clk 0:25:06]} 12. Bxg5
{[%clk 0:38:47]} Qd7 {[%clk 0:24:52]} 13. Bf6 {[%clk 0:37:15]} Rg8
{[%clk 0:25:16]} 14. Qf4 {[%clk 0:31:15]} h5 {[%clk 0:16:07]} 15. Qh6
{[%clk 0:30:10]} Nc6 {[%clk 0:16:11]} 16. Be4 {[%clk 0:28:27]} Nd8
{[%clk 0:12:21]} 17. Bxb7 {[%clk 0:28:02]} Nxb7 {[%clk 0:12:46]} 18. Qh7
{[%clk 0:27:53]} Kf8 {[%clk 0:13:11]} 19. c4 {[%clk 0:26:52]} Nd6
{[%clk 0:12:08]} 20. d5 {[%clk 0:25:57]} Nf5 {[%clk 0:03:54]} 21. dxe6
{[%clk 0:25:36]} 1-0

[Event "Ïåðâåíñòâî Ìîñêâû ïî øàõìàòàì 2015 ñðåäè ìàëü÷èêîâ (Ì17)"]
[Site "Moscow"]
[Date "2015.11.18"]
[Round "7.5"]
[White "Òåéèòáàåâ, Àêòèëåê"]
[Black "Ñû÷åâ, Äàíèèë"]
[Result "0-1"]
[WhiteElo "2029"]
[BlackElo "1955"]
[PlyCount "0"]
[EventDate "2015.11.12"]

1. e4 {[%clk 1:30:23]} e6 {[%clk 1:30:49]} 2. d4 {[%clk 1:30:46]} d5
{[%clk 1:31:12]} 3. Nd2 {[%clk 1:31:12]} c5 {[%clk 1:31:21]} 4. c3
{[%clk 1:30:35]} Nc6 {[%clk 1:27:47]} 5. Ne2 {[%clk 1:16:49]} cxd4
{[%clk 1:24:03]} 6. cxd4 {[%clk 1:14:11]} dxe4 {[%clk 1:21:59]} 7. Nxe4
{[%clk 1:14:21]} Be7 {[%clk 1:18:10]} 8. Be3 {[%clk 1:13:06]} Nf6
{[%clk 1:17:37]} 9. N2c3 {[%clk 1:11:15]} O-O {[%clk 1:15:05]} 10. Be2
{[%clk 1:00:37]} b6 {[%clk 1:04:03]} 11. O-O {[%clk 1:00:56]} Nxe4
{[%clk 1:03:16]} 12. Nxe4 {[%clk 1:01:23]} Bb7 {[%clk 1:03:19]} 13. Bf3
{[%clk 0:58:09]} Qd7 {[%clk 1:01:08]} 14. Qa4 {[%clk 0:56:57]} Rfd8
{[%clk 0:57:22]} 15. Rfd1 {[%clk 0:57:07]} Nb4 {[%clk 0:55:25]} 16. Qxd7
{[%clk 0:54:59]} Rxd7 {[%clk 0:55:53]} 17. a3 {[%clk 0:55:10]} Nd5
{[%clk 0:55:00]} 18. Rac1 {[%clk 0:52:56]} Nf6 {[%clk 0:48:44]} 19. Nd2
{[%clk 0:43:41]} Bxf3 {[%clk 0:38:16]} 20. Nxf3 {[%clk 0:43:50]} Nd5
{[%clk 0:37:21]} 21. Ne5 {[%clk 0:40:32]} Rc7 {[%clk 0:35:49]} 22. Rxc7
{[%clk 0:38:46]} Nxc7 {[%clk 0:36:05]} 23. Rc1 {[%clk 0:39:07]} Nd5
{[%clk 0:36:06]} 24. Rc6 {[%clk 0:37:26]} Bf6 {[%clk 0:34:14]} 25. Kf1
{[%clk 0:33:45]} Bxe5 {[%clk 0:31:41]} 26. dxe5 {[%clk 0:34:05]} Kf8
{[%clk 0:28:58]} 27. Ke2 {[%clk 0:34:00]} Ke8 {[%clk 0:27:51]} 28. f4
{[%clk 0:31:36]} Kd7 {[%clk 0:26:18]} 29. Rc4 {[%clk 0:27:02]} Rc8
{[%clk 0:25:27]} 30. b3 {[%clk 0:21:17]} a6 {[%clk 0:19:02]} 31. Bd2
{[%clk 0:15:28]} Rxc4 {[%clk 0:15:16]} 32. bxc4 {[%clk 0:15:54]} Nc7
{[%clk 0:14:22]} 33. Kd3 {[%clk 0:16:21]} Kc6 {[%clk 0:13:54]} 34. g3
{[%clk 0:16:17]} b5 {[%clk 0:13:47]} 35. h3 {[%clk 0:16:59]} bxc4+
{[%clk 0:13:38]} 36. Kxc4 {[%clk 0:11:04]} Nd5 {[%clk 0:10:41]} 37. Ba5
{[%clk 0:09:53]} Ne3+ {[%clk 0:08:04]} 38. Kd3 Nf5 39. g4 {[%clk 0:09:32]} Ne7
{[%clk 0:07:46]} 40. Kc4 {[%clk 0:09:12]} Nd5 {[%clk 0:07:40]} 41. Bd2
{[%clk 0:09:41]} Nb6+ {[%clk 0:07:30]} 42. Kd4 {[%clk 0:09:20]} Nd5
{[%clk 0:06:50]} 43. Kc4 {[%clk 0:09:16]} Nb6+ {[%clk 0:07:15]} 44. Kd4
{[%clk 0:09:44]} Kb5 {[%clk 0:07:24]} 45. f5 {[%clk 0:09:33]} Nd5
{[%clk 0:06:40]} 46. fxe6 {[%clk 0:09:07]} fxe6 {[%clk 0:07:08]} 47. h4
{[%clk 0:08:36]} Ne7 {[%clk 0:05:23]} 48. h5 {[%clk 0:05:54]} Nc6+
{[%clk 0:03:24]} 49. Ke4 {[%clk 0:06:01]} Kc4 {[%clk 0:03:29]} 50. g5
{[%clk 0:05:50]} g6 {[%clk 0:03:14]} 51. hxg6 {[%clk 0:05:22]} hxg6
{[%clk 0:03:43]} 52. Be3 {[%clk 0:03:25]} a5 {[%clk 0:03:38]} 53. Bb6
{[%clk 0:02:40]} a4 {[%clk 0:03:45]} 54. Bc7 {[%clk 0:02:49]} Nd4
{[%clk 0:03:36]} 55. Bd6 {[%clk 0:02:43]} Nb5 {[%clk 0:03:35]} 56. Ke3
{[%clk 0:01:02]} Kb3 {[%clk 0:03:39]} 57. Kd3 {[%clk 0:01:01]} Nxa3
{[%clk 0:02:11]} 58. Kd2 {[%clk 0:00:40]} Nc4+ {[%clk 0:01:58]} 59. Kd3
{[%clk 0:00:42]} a3 {[%clk 0:01:56]} 60. Bxa3 {[%clk 0:01:09]} Nxa3
{[%clk 0:02:21]} 61. Kd4 {[%clk 0:01:38]} Kb4 {[%clk 0:02:27]} 0-1

[Event "Ïåðâåíñòâî Ìîñêâû ïî øàõìàòàì 2015 ñðåäè ìàëü÷èêîâ (Ì17)"]
[Site "Moscow"]
[Date "2015.11.18"]
[Round "7.6"]
[White "Áóðõàíîâ, Âàñèëèé"]
[Black "Õìåëåâ, Ìèõàèë"]
[Result "0-1"]
[WhiteElo "1868"]
[BlackElo "2026"]
[PlyCount "0"]
[EventDate "2015.11.12"]

1. d4 {[%clk 1:30:58]} d5 {[%clk 1:25:21]} 2. Nc3 {[%clk 1:31:18]} e6
{[%clk 1:25:43]} 3. e4 {[%clk 1:31:43]} Nf6 {[%clk 1:26:09]} 4. Bd3
{[%clk 1:31:44]} c5 {[%clk 1:26:08]} 5. exd5 {[%clk 1:03:51]} exd5
{[%clk 1:26:07]} 6. dxc5 {[%clk 1:04:12]} Bxc5 {[%clk 1:26:32]} 7. Nf3
{[%clk 1:04:36]} O-O {[%clk 1:26:31]} 8. O-O {[%clk 1:04:54]} h6 {[%clk 1:25:46]}
9. h3 {[%clk 1:01:10]} Nc6 {[%clk 1:26:10]} 10. Bf4 {[%clk 0:59:26]} a6
{[%clk 1:21:20]} 11. Qd2 {[%clk 0:57:55]} Re8 {[%clk 1:17:16]} 12. Rfe1
{[%clk 0:43:50]} Be6 {[%clk 1:13:32]} 13. a3 {[%clk 0:37:24]} Rc8
{[%clk 1:09:37]} 14. Rad1 {[%clk 0:30:48]} Bf8 {[%clk 1:03:15]} 15. Ne5
{[%clk 0:21:02]} Kh8 {[%clk 0:41:05]} 16. Be2 {[%clk 0:06:51]} Qb6
{[%clk 0:27:20]} 17. Bf3 {[%clk 0:04:22]} Rcd8 {[%clk 0:22:22]} 18. b4
{[%clk 0:03:34]} Ne4 {[%clk 0:17:13]} 19. Bxe4 {[%clk 0:02:45]} dxe4
{[%clk 0:17:37]} 20. Qe3 {[%clk 0:02:08]} Qxe3 {[%clk 0:17:35]} 21. fxe3
{[%clk 0:02:34]} Rc8 {[%clk 0:17:07]} 22. Nxc6 {[%clk 0:00:52]} Rxc6
{[%clk 0:17:25]} 23. Nxe4 {[%clk 0:00:49]} Rxc2 {[%clk 0:16:56]} 24. Rd2
{[%clk 0:00:39]} Rxd2 {[%clk 0:15:13]} 25. Nxd2 {[%clk 0:01:08]} Bd5
{[%clk 0:15:11]} 26. Nf3 {[%clk 0:00:55]} f6 {[%clk 0:13:49]} 27. Kf2
{[%clk 0:00:53]} Kg8 {[%clk 0:13:03]} 28. Rd1 {[%clk 0:01:05]} Bc6
{[%clk 0:12:59]} 29. Nd4 {[%clk 0:01:02]} g5 {[%clk 0:11:37]} 30. Bg3
{[%clk 0:01:09]} Be4 {[%clk 0:11:53]} 31. Rc1 {[%clk 0:01:02]} Kf7
{[%clk 0:11:39]} 32. Rc7+ {[%clk 0:00:53]} Re7 {[%clk 0:11:44]} 33. Rc8
{[%clk 0:01:04]} Rd7 {[%clk 0:12:02]} 34. Rc3 {[%clk 0:00:57]} f5
{[%clk 0:12:07]} 35. Ne2 {[%clk 0:00:55]} Bg7 {[%clk 0:11:00]} 36. Rc5
{[%clk 0:00:49]} Bf6 {[%clk 0:09:57]} 37. Bb8 {[%clk 0:00:38]} Bd8
{[%clk 0:08:54]} 38. Kf1 {[%clk 0:00:34]} Bb6 {[%clk 0:09:04]} 39. Rc3
{[%clk 0:00:50]} f4 {[%clk 0:08:37]} 40. Rc1 {[%clk 0:00:35]} fxe3
{[%clk 0:08:02]} 41. Be5 {[%clk 0:00:40]} Rd2 {[%clk 0:07:36]} 42. a4
{[%clk 0:00:53]} Bd3 {[%clk 0:07:04]} 43. Re1 {[%clk 0:01:20]} a5
{[%clk 0:06:29]} 44. Bc3 {[%clk 0:01:20]} Rc2 {[%clk 0:06:54]} 45. bxa5
{[%clk 0:01:47]} Bc7 {[%clk 0:07:11]} 46. Bd4 {[%clk 0:02:01]} Bg3
{[%clk 0:07:31]} 47. Rb1 {[%clk 0:02:13]} Bxe2+ {[%clk 0:07:46]} 48. Kg1
{[%clk 0:02:39]} Bf2+ {[%clk 0:08:09]} 49. Kh2 {[%clk 0:03:04]} Ba6
{[%clk 0:08:30]} 50. Rb3 {[%clk 0:03:12]} Re2 {[%clk 0:08:39]} 51. Rb6
{[%clk 0:03:19]} Rd2 {[%clk 0:08:51]} 52. Bc5 {[%clk 0:03:05]} Rc2
{[%clk 0:08:53]} 53. Bd4 {[%clk 0:03:27]} Rc6 {[%clk 0:09:17]} 54. Rb3
{[%clk 0:03:48]} Re6 {[%clk 0:09:40]} 55. g4 {[%clk 0:03:58]} Re4
{[%clk 0:09:24]} 56. Bb6 {[%clk 0:04:15]} Rxa4 {[%clk 0:09:14]} 57. Bxe3
{[%clk 0:04:20]} Bxe3 {[%clk 0:09:39]} 58. Rxe3 {[%clk 0:04:47]} Rxa5
{[%clk 0:10:03]} 59. Rf3+ {[%clk 0:05:04]} Ke6 {[%clk 0:10:27]} 60. Re3+
{[%clk 0:05:30]} Re5 {[%clk 0:10:52]} 61. Rb3 {[%clk 0:05:53]} Bb5
{[%clk 0:11:10]} 62. Kg3 {[%clk 0:06:09]} Rd5 {[%clk 0:11:16]} 63. Kf2
{[%clk 0:06:29]} Bc6 {[%clk 0:11:23]} 64. Ke3 {[%clk 0:06:32]} Ke5
{[%clk 0:11:23]} 65. Kf2 {[%clk 0:06:56]} Rd2+ {[%clk 0:11:47]} 66. Ke3
{[%clk 0:07:21]} Rh2 {[%clk 0:12:11]} 0-1